[Event "60th ch-MNE Women"]
[Site "Cetinje MNE"]
[Date "2008.07.10"]
[Round "4"]
[White "Vojinovic,J"]
[Black "Drljevic,L"]
[Result "1-0"]
[WhiteElo "2289"]
[BlackElo "2264"]

1.d4 Nf6 2.c4 g6 3.Nc3 Bg7 4.e4 d6 5.Nf3 O-O 6.Be2 e5 7.Be3 Na6 8.O-O Ng4
9.Bg5 Qe8 10.h3 h6 11.Bc1 exd4 12.Nxd4 Nf6 13.Bd3 Nc5 14.Bc2 Nfxe4 15.Nxe4 Nxe4
16.Nb5 Qc6 17.Bxe4 Qxe4 18.Nxc7 Bxh3 19.gxh3 Rac8 20.Nd5 Rxc4 21.Be3 f5 22.Nf4 Be5
23.Qd5+ Qxd5 24.Nxd5 f4 25.Rac1 Ra4 26.Bd2 Rd4 27.Ne7+ Kf7 28.Bc3 Kxe7 29.Bxd4 Bxd4
30.Rc7+ Ke6 31.Rxb7 Rf5 32.Rd1 Bc5 33.Kf1 h5 34.b4 Bb6 35.a4 g5 36.a5 Bd8
37.Rxa7 Bc7 38.Ra6 Rb5 39.Rc6 Kd7 40.Rc4 Rf5 41.f3 Re5 42.Kf2 Bb8 43.Rc2 Ba7+
44.Kg2 Be3 45.Ra1 Bd4 46.Rb1 Rb5 47.a6 Bb6 48.Ra2 Ba7 49.Ra5 Re5 50.Rxe5 dxe5
51.Re1 Kd6 52.b5 Kd5 53.Rd1+ Ke6 54.Rb1 Bb6 55.Rc1 Be3 56.Rc6+ Kd5 57.Rg6 g4
58.hxg4 hxg4 59.Rxg4 Kc4 60.Rg7 Kxb5 61.a7  1-0

[Event "Superfinal Chelyabinsk Oblast"]
[Site "Satka RUS"]
[Date "2008.07.10"]
[Round "5"]
[White "Timoscenko,G"]
[Black "Kurnosov,I"]
[Result "1-0"]
[WhiteElo "2467"]
[BlackElo "2617"]

1.d4 Nf6 2.c4 g6 3.Nc3 Bg7 4.e4 d6 5.Nf3 O-O 6.Be2 e5 7.Be3 Ng4 8.Bg5 f6
9.Bh4 g5 10.Bg3 Nh6 11.h3 Nd7 12.d5 f5 13.Nd2 Nf6 14.exf5 Bxf5 15.O-O Qe8
16.Re1 Qg6 17.c5 g4 18.h4 Nh5 19.cxd6 cxd6 20.Bf1 Bc2 21.Qc1 Rac8 22.Nc4 Nxg3
23.fxg3 Rxf1+ 24.Rxf1 Rxc4 25.h5 Qd3 26.Rf2 e4 27.Rxc2 Nf7 28.Qf1 Qe3+ 29.Qf2 Qg5
30.Rd1 e3 31.Qe2 Ne5 32.Rf1 h6 33.Ne4 Rxe4 34.Rc8+ Bf8 35.Rfxf8+  1-0

[Event "7th Open"]
[Site "La Fere FRA"]
[Date "2008.07.11"]
[Round "8"]
[White "Goldsztejn,G"]
[Black "Gharamian,T"]
[Result "1/2-1/2"]
[WhiteElo "2374"]
[BlackElo "2560"]

1.d4 Nf6 2.Nf3 g6 3.c4 Bg7 4.Nc3 O-O 5.e4 d6 6.Be2 Na6 7.O-O e5 8.Be3 Ng4
9.Bg5 Qe8 10.c5 exd4 11.Nd5 dxc5 12.Bxa6 bxa6 13.Nxc7 Qxe4 14.Re1 Qc6 15.Nxa8 Bb7
16.Bf4 Bxa8 17.h3 Nf6 18.Rc1 Rd8 19.Qd3 Qb6 20.b3 h6 21.Ne5 Qb7 22.f3 Nd5
23.Bd2 Qc6 24.Ng4 h5 25.Nf2 Qb6 26.Bg5 Rc8 27.Ne4 Nb4 28.Qd2 d3 29.Kh1 Kh7
30.Be7 Nc2 31.Red1 Bxe4 32.fxe4 Re8 33.Qxd3 Rxe7 34.Rxc2 Bd4 35.Qc4 a5 36.a3 Rb7
37.Rd3 Kg7 38.Re2 Qf6 39.Rf3 Qe5 40.Qd5 Qxd5 41.exd5 Rd7 42.h4 Bf6 43.Rd3 Bxh4
44.d6 Bd8 45.Re5 f5 46.Rxc5 h4 47.Re5 Kf6 48.Rdd5 Bb6 49.Re8 Bf2 50.Re7 Rxe7
51.dxe7 Kxe7 52.Rxa5 Bb6 53.Rb5 Ke6 54.a4 g5 55.a5 Bd4 56.Rb8 f4 57.b4 g4
58.b5 f3 59.gxf3 gxf3 60.Rf8 f2 61.Kg2 Kd7 62.Rf4 Bc5 63.Rxh4 Be3 64.Rh7+ Kc8
65.Rf7 Kb8 66.Kf1 a6 67.b6 Bd2 68.Rf5 Be1 69.Ke2 Kb7 70.Rf7+ Kb8 71.Ra7 Bxa5
72.Rxa6 Bb4 73.Kxf2 Kb7 74.Ra4 Bc5+ 75.Ke2 Bxb6 76.Kd3 Bc7 77.Rg4 Kc6 78.Kc4 Be5
79.Rg6+ Bd6 80.Rh6 Kc7 81.Kd5 Bf4 82.Rf6 Bg3 83.Rc6+ Kb7 84.Kc5 Bf2+ 85.Kb5 Bg3
86.Rg6 Be5 87.Re6 Bg3 88.Re7+ Bc7 89.Rg7 Kb8 90.Kc6 Be5 91.Rb7+ Ka8 92.Kb6 Bd4+
93.Ka6 Be5 94.Rb5 Bg3  1/2-1/2

[Event "ch-BEL"]
[Site "Eupen BEL"]
[Date "2008.07.12"]
[Round "8"]
[White "Vandevoort,P"]
[Black "Laurent,B"]
[Result "1/2-1/2"]
[WhiteElo "2409"]
[BlackElo "2339"]

1.Nf3 Nf6 2.c4 g6 3.Nc3 Bg7 4.e4 d6 5.d4 O-O 6.Be2 Na6 7.O-O e5 8.Be3 Ng4
9.Bg5 Qe8 10.dxe5 dxe5 11.h3 f6 12.Bd2 Nh6 13.c5 Nxc5 14.Qc1 Nf7 15.Nd5 Ne6
16.Nxc7 Nxc7 17.Qxc7 Nd8 18.Rfc1 Be6 19.Be3 Rf7 20.Qc3 Bf8 21.b4 Qa4 22.a3 Qb3
23.Qxb3 Bxb3 24.Rc3 Be6 25.Rac1 a6 26.Nd2 Nc6 27.Rxc6 bxc6 28.Nc4  1/2-1/2

[Event "Inautomarket Open"]
[Site "Minsk BLR"]
[Date "2008.07.12"]
[Round "3"]
[White "Likhoman,M"]
[Black "Mihajlovskij,S"]
[Result "1/2-1/2"]
[WhiteElo "2253"]
[BlackElo "2484"]

1.Nf3 Nf6 2.c4 g6 3.Nc3 Bg7 4.e4 d6 5.d4 O-O 6.Be2 e5 7.dxe5 dxe5 8.Qxd8 Rxd8
9.Bg5 Re8 10.O-O-O h6 11.Bh4 Na6 12.Nd2 c6 13.Bg3 Nd7 14.f3 Ndc5 15.Bf2 Ne6
16.Nb3 Bf8 17.Na4 b6 18.Rd2 h5 19.Be3 Bb4 20.Rdd1 Be7 21.Rd2 Kg7 22.a3 c5
23.Nc3 Nd4 24.Bd1 Nc7 25.Nd5 Nce6 26.Rd3 Bd8 27.Nd2 Bd7 28.b4 a6 29.Kb2 Rb8
30.Bb3 h4 31.g3 Rh8 32.Rf1 hxg3 33.hxg3 Rh3 34.f4 Rxg3 35.Bxd4 Rxd3 36.Bxe5+ f6
37.Bxb8 Rxd2+ 38.Kc3 Rg2 39.f5 gxf5 40.Ne3 Re2 41.Nxf5+ Kf7 42.Bd1 Ra2  1/2-1/2

[Event "19th Czech Oce Open"]
[Site "Pardubice CZE"]
[Date "2008.07.12"]
[Round "4"]
[White "Jedlicka,A"]
[Black "Chuprov,D"]
[Result "0-1"]
[WhiteElo "2277"]
[BlackElo "2577"]

1.d4 Nf6 2.c4 g6 3.Nc3 Bg7 4.e4 d6 5.Be2 O-O 6.Nf3 e5 7.Be3 Ng4 8.Bg5 f6
9.Bc1 Nc6 10.d5 Ne7 11.h3 Nh6 12.h4 f5 13.h5 f4 14.hxg6 Nxg6 15.Qd3 c5 16.dxc6 bxc6
17.c5 d5 18.Nd2 Be6 19.Bf3 Nh4 20.b4 a5 21.b5 d4 22.Na4 cxb5 23.Nb6 Ra7 24.Qxb5 Qg5
25.Qf1 Ng4 26.Ba3 Ne3 27.fxe3 fxe3 28.Ndc4 Bg4 29.Rxh4 Qxh4+ 30.Ke2 Raf7
31.Nd6 Rxf3 32.gxf3 Rxf3  0-1

[Event "XXIII Tadeusz Gniota Mem"]
[Site "Police POL"]
[Date "2008.07.12"]
[Round "5"]
[White "Shishkin,Va UKR"]
[Black "Chojnacki,K"]
[Result "1/2-1/2"]
[WhiteElo "2506"]
[BlackElo "2416"]

1.d4 Nf6 2.c4 g6 3.Nc3 Bg7 4.e4 d6 5.Be2 O-O 6.Nf3 e5 7.Be3 Ng4 8.Bg5 f6
9.Bh4 Nc6 10.d5 Ne7 11.Nd2 h5 12.O-O c5 13.Rb1 Bd7 14.a3 Qc8 15.b4 b6 16.Nb5 Nh6
17.f3 Nf7 18.Nb3 g5 19.Bf2 Ng6 20.Nxd6 Nxd6 21.bxc5 bxc5 22.Nxc5 Nf4 23.Nxd7 Qxd7
24.c5 Nxe2+ 25.Qxe2 Nf7 26.Qa6 Qc8 27.Qa4 Rd8 28.Rfc1 Bf8 29.h3 g4 30.hxg4  1/2-1/2

[Event "XXIII Tadeusz Gniota Mem"]
[Site "Police POL"]
[Date "2008.07.12"]
[Round "5"]
[White "Kurpiewski,S"]
[Black "Maes,W"]
[Result "0-1"]
[WhiteElo "2184"]
[BlackElo "2319"]

1.d4 Nf6 2.c4 g6 3.Nf3 Bg7 4.Nc3 O-O 5.e4 d6 6.Be2 e5 7.dxe5 dxe5 8.Qxd8 Rxd8
9.Bg5 Re8 10.Rd1 c6 11.h3 Na6 12.Be3 Bf8 13.Bg5 Kg7 14.a3 Nc5 15.Nd2 Ne6
16.Bxf6+ Kxf6 17.Nb3 Nf4 18.Bf1 Kg7 19.g3 Ne6 20.Be2 Nc5 21.Nd2 a5 22.Kf1 Be6
23.Kg2 f6 24.Rhe1 Red8 25.Nf3 Nb3 26.Rxd8 Rxd8 27.Rd1 Rb8 28.Bf1 Kf7 29.Nd2 Nc5
30.Nf3 Ke8 31.Ne1 Nb3 32.Nc2 Bh6 33.Ne3 Bxe3 34.fxe3 Rd8 35.Rxd8+ Kxd8 36.Bd3 Kc7
37.h4 Kd6 38.Na4 Nc5 39.Nxc5 Kxc5 40.b3 Bg4 41.Bc2 a4 42.b4+ Kxc4 43.Bxa4 b5  0-1

[Event "ch-SUI"]
[Site "Samnaun SUI"]
[Date "2008.07.12"]
[Round "3"]
[White "Huss,A"]
[Black "Gallagher,Jo"]
[Result "1/2-1/2"]
[WhiteElo "2378"]
[BlackElo "2483"]

1.d4 Nf6 2.Nf3 g6 3.c4 Bg7 4.Nc3 O-O 5.e4 d6 6.Be2 e5 7.d5 a5 8.Be3 Ng4 9.Bg5 f6
10.Bd2 f5 11.exf5 Bxf5 12.O-O Na6 13.h3 Nf6 14.Be3 b6 15.a3 Qe7 16.Rc1 Kh8
17.Re1 Ng8 18.Bf1 Bh6 19.Nd4 Bd7 20.Bxh6 Nxh6 21.Qd2 Qg7 22.Ndb5 Bxb5 23.Nxb5 a4
24.Rc3 Rf7 25.Bd3 Nc5 26.Bc2 Nf5 27.Rf3 Raf8 28.Nc3 Nd4 29.Rxf7  1/2-1/2

[Event "1st IRT 54th Aniv Martelli"]
[Site "Villa Martelli ARG"]
[Date "2008.07.12"]
[Round "5"]
[White "Gonzalez Gimenez,J"]
[Black "Amed,S"]
[Result "0-1"]
[WhiteElo "1737"]
[BlackElo "2099"]

1.d4 Nf6 2.Nf3 g6 3.c4 Bg7 4.Nc3 d6 5.e4 O-O 6.Be2 e5 7.dxe5 dxe5 8.Qxd8 Rxd8
9.Bg5 c6 10.Nxe5 Re8 11.f4 Na6 12.O-O-O Nc5 13.Bf3 h6 14.Bh4 g5 15.fxg5 hxg5
16.Bg3 g4 17.Be2 Nfxe4 18.Nxe4 Nxe4 19.Nxg4 f5 20.Nf2 Nxg3 21.hxg3 Rxe2 22.Rd8+ Kf7
23.Rf1 Bf6 24.Rd3 Be6 25.b3 Rxa2 26.Rdd1 b5 27.cxb5 cxb5 28.b4 Rc8+ 29.Kb1 Ra1+  0-1

[Event "Maestro Open"]
[Site "Berdsk RUS"]
[Date "2008.07.13"]
[Round "6"]
[White "Agafonov,A"]
[Black "Khatnikov,A"]
[Result "1-0"]
[WhiteElo "2149"]
[BlackElo "1968"]

1.Nf3 Nf6 2.d4 g6 3.c4 Bg7 4.Nc3 O-O 5.e4 d6 6.Be2 e5 7.d5 a5 8.Bg5 Na6 9.Nd2 h6
10.Bh4 Qe8 11.O-O g5 12.Bg3 Qe7 13.a3 Bd7 14.Rb1 Nh7 15.Bg4 f5 16.Bxf5 Bxf5
17.exf5 Rxf5 18.Nde4 Qd7 19.b4 axb4 20.axb4  1-0

[Event "Maestro Open"]
[Site "Berdsk RUS"]
[Date "2008.07.13"]
[Round "6"]
[White "Pavlov,O"]
[Black "Pakhomov,E"]
[Result "1-0"]
[WhiteElo "2307"]
[BlackElo "2184"]

1.d4 Nf6 2.Nf3 g6 3.c4 Bg7 4.Nc3 d6 5.e4 O-O 6.Be2 e5 7.O-O Na6 8.Be3 Qe8
9.dxe5 dxe5 10.Nd2 c6 11.a3 Qe7 12.b4 Rd8 13.Qc2 Ng4 14.Bxg4 Bxg4 15.f3 Be6
16.Na4 Bf6 17.Bf2 Bh4 18.g3 Bg5 19.Nb3 b5 20.Nb2 Qf6 21.Kg2 h5  1-0

[Event "FSIM July"]
[Site "Budapest HUN"]
[Date "2008.07.13"]
[Round "9"]
[White "Toth,Li"]
[Black "Husari,Sa"]
[Result "1/2-1/2"]
[WhiteElo "2208"]
[BlackElo "2362"]

1.d4 Nf6 2.c4 g6 3.Nc3 Bg7 4.e4 d6 5.Nf3 O-O 6.Be2 e5 7.O-O Na6 8.Re1 c6
9.Bf1 exd4 10.Nxd4 Ng4 11.h3 Qb6 12.hxg4 Qxd4 13.Qf3 Qb6 14.Rd1 Be5 15.Rb1 Nc5
16.Bf4 Ne6 17.Bxe5 dxe5 18.b4 Kg7 19.c5 Qc7 20.Qg3 f6 21.Bc4 Qe7 22.Rd6 h6
23.Rbd1 Rd8 24.Bxe6 Rxd6 25.Rxd6 Bxe6 26.Qd3 Bxg4 27.f3 Be6 28.b5 Rc8 29.a4 cxb5
30.Qxb5 Rc7 31.Nd5 Bxd5 32.exd5 h5 33.Qa5 Rd7 34.Qxa7 Rxd6 35.cxd6 Qxd6 36.Qxb7+ Kh6
37.Qc6 Qd8 38.Qc5 Qb8 39.Qb5 Qa7+ 40.Kf1 Qd4 41.a5 Qd1+ 42.Kf2 Qd4+ 43.Kg3 Qf4+
44.Kf2 Qd2+ 45.Kf1  1/2-1/2

[Event "17th ch-MKD"]
[Site "Struga MKD"]
[Date "2008.07.14"]
[Round "1"]
[White "Nikolovska,D"]
[Black "Menkinoski,R"]
[Result "0-1"]
[WhiteElo "1732"]
[BlackElo "2288"]

1.d4 Nf6 2.c4 g6 3.Nc3 Bg7 4.e4 d6 5.Nf3 O-O 6.Be2 e5 7.d5 a5 8.O-O Na6 9.Be3 Qe8
10.Qc1 Ng4 11.Bd2 f5 12.h3 Nf6 13.exf5 gxf5 14.Bh6 Qg6 15.Bxg7 Qxg7 16.Qg5 Bd7
17.Qxg7+ Kxg7 18.Kh1 Rg8 19.Rg1 Nc5 20.Nd2 Kh8 21.f3 Nh5 22.g4 Nf4 23.Bf1 h5
24.g5 h4 25.Ne2 Ncd3 26.Nxf4 Nxf4 27.Rc1 b6 28.a3 a4 29.Nb1 c5 30.dxc6 Bxc6
31.Nd2 Rg6 32.Rc3 Rag8 33.b3 Rxg5 34.Rxg5 Rxg5 35.b4 Rg3 36.Kh2 e4 37.c5 bxc5
38.bxc5 d5 39.Rc2 e3 40.Nb1 d4 41.Rb2 Rxf3  0-1

[Event "Inautomarket Open"]
[Site "Minsk BLR"]
[Date "2008.07.15"]
[Round "6"]
[White "Demianjuk,A"]
[Black "Levin,Ev"]
[Result "1/2-1/2"]
[WhiteElo "2317"]
[BlackElo "2488"]

1.d4 Nf6 2.c4 g6 3.Nc3 Bg7 4.e4 d6 5.Nf3 O-O 6.Be2 e5 7.O-O Na6 8.Be3 Ng4
9.Bg5 Qe8 10.c5 h6 11.Bh4 g5 12.Bg3 exd4 13.Nxd4 dxc5 14.Nf5 Bxf5 15.exf5 Nf6
16.a3 Qc6 17.Qc2 Rad8 18.Rad1 c4 19.Bf3 Qb6 20.Na4 Qb5 21.Nc3 Qb6 22.Na4 Qb5  1/2-1/2

[Event "Aegean Open"]
[Site "Aghios Kirykos GRE"]
[Date "2008.07.16"]
[Round "5"]
[White "Henrichs,T"]
[Black "Markus,Rob"]
[Result "1/2-1/2"]
[WhiteElo "2491"]
[BlackElo "2572"]

1.Nf3 Nf6 2.c4 g6 3.Nc3 Bg7 4.e4 d6 5.d4 O-O 6.Be2 e5 7.O-O c6 8.d5 Na6 9.Be3 Ng4
10.Bg5 f6 11.Bh4 c5 12.Ne1 Nh6 13.a3 Qe7 14.Rb1 Bd7 15.b4 b6 16.Kh1 Nf7 17.Rb3 Bh6
18.Nd3 Rfc8 19.b5 Nc7 20.a4 Ne8 21.Ra3 Rab8 22.a5 Rb7 23.axb6 axb6 24.Bg4 Bg5
25.Bxd7 Qxd7 26.Bxg5 fxg5 27.Qe2 Kg7 28.Rfa1 Rcb8 29.g4 Nc7  1/2-1/2

[Event "19th Czech Open Synthesia Rapid"]
[Site "Pardubice CZE"]
[Date "2008.07.16"]
[Round "3"]
[White "Gutman,G"]
[Black "Chuprov,D"]
[Result "0-1"]
[WhiteElo "2497"]
[BlackElo "2577"]

1.d4 Nf6 2.Nf3 g6 3.c4 Bg7 4.Nc3 O-O 5.e4 d6 6.Be2 e5 7.d5 a5 8.Bg5 h6 9.Bh4 Na6
10.Nd2 Qe8 11.a3 Bd7 12.b3 Nh7 13.O-O h5 14.f3 Bh6 15.Bf2 Qe7 16.Ra2 Kg7
17.Rb2 Rh8 18.Re1 h4 19.Bf1 Bf4 20.Ne2 Bg5 21.Nc1 Nf6 22.b4 axb4 23.axb4 Nh5
24.Nd3 Nf4 25.c5 dxc5 26.Nxc5 Nxc5 27.Bxc5 Qf6 28.Nc4 Rae8 29.b5 b6 30.Be3 Nh5
31.d6 Bxe3+ 32.Rxe3 cxd6 33.Nxb6 Be6 34.Bc4 Qd8 35.Nd5 Bxd5 36.Qxd5 Qb6 37.Qxf7+ Kh6
38.Rb3 Rc8 39.Bf1 Rc1 40.Qd5 Rhc8 41.Rd3 Nf4 42.Qxd6 Qxd6 43.Rxd6 R8c2  0-1

[Event "XXIII Tadeusz Gniota Mem"]
[Site "Police POL"]
[Date "2008.07.16"]
[Round "9"]
[White "Kurpiewski,S"]
[Black "Severijnen,A"]
[Result "1-0"]
[WhiteElo "2184"]
[BlackElo "2164"]

1.d4 Nf6 2.c4 g6 3.Nc3 Bg7 4.e4 d6 5.Be2 O-O 6.Nf3 e5 7.Be3 Nc6 8.d5 Ne7
9.Nd2 Nd7 10.b4 f5 11.f3 Nf6 12.O-O f4 13.Bf2 g5 14.c5 Ng6 15.Rc1 Rf7 16.Qc2 Bf8
17.Nc4 g4 18.cxd6 Bxd6 19.Nxd6 cxd6 20.Nb5 gxf3 21.Bxf3 Ne8 22.Nxa7 Bd7 23.b5 Nh4
24.Bxh4 Qxh4 25.b6 Rg7 26.Qf2 Qh6 27.Rc3 Kh8 28.Rfc1 Qg5 29.Kh1 Rg6 30.a4 Nf6
31.a5 Ng4 32.Bxg4 Qxg4 33.h3 Qh5 34.a6 Rb8 35.Nc6 Rbg8 36.axb7 Rxg2 37.Qxg2 Rxg2
38.Kxg2 Qe2+ 39.Kg1 f3 40.b8=Q+ Kg7 41.Rxf3 Qxf3 42.Nxe5 Qg3+ 43.Kf1 dxe5
44.Rc7 Qf3+ 45.Ke1 Qxe4+ 46.Kd2 Qb4+ 47.Kd3 Qd4+ 48.Kc2 Qa4+ 49.Kc1 Qa3+
50.Kd2 Qb4+ 51.Rc3 Qb2+ 52.Kd3 Bf5+ 53.Kc4 Qa2+ 54.Kc5 Qa5+ 55.Kd6 Qb4+ 56.Rc5 Kh6
57.Qc7 Qh4 58.Qe7 Qb4 59.Kc7 e4 60.Rc6+  1-0

[Event "Summer Cup"]
[Site "Porto Carras GRE"]
[Date "2008.07.16"]
[Round "6"]
[White "Pavlidou,E"]
[Black "Gamback,B"]
[Result "1-0"]
[WhiteElo "2034"]
[BlackElo "2203"]

1.d4 g6 2.c4 Bg7 3.Nf3 d6 4.e4 Nf6 5.Nc3 O-O 6.Be2 e5 7.Be3 Ng4 8.Bg5 f6
9.Bh4 Nc6 10.h3 Nxd4 11.Nxd4 exd4 12.Qxd4 Ne5 13.f4 Nc6 14.Qd2 Qe8 15.O-O f5
16.exf5 Bxf5 17.Bf3 Qd7 18.Bf2 Rae8 19.Rad1 Re7 20.c5 Qc8 21.cxd6 cxd6 22.Nb5 Rd7
23.Nxa7 Nxa7 24.Bxa7 Be6 25.Bd5 Rdf7 26.Bxe6 Qxe6 27.b3 Ra8 28.Rfe1 Qf6 29.Be3 Qb2
30.Qxb2 Bxb2 31.a4 Re8 32.Bc1 Rxe1+ 33.Rxe1 Bxc1 34.Rxc1 Rxf4 35.Rc8+ Kg7
36.Rc7+ Rf7 37.Rxf7+ Kxf7 38.Kf2 Ke6 39.Ke3 Ke5 40.b4 Kd5 41.Kd3 b6 42.h4 Ke5
43.a5 bxa5 44.bxa5 Kd5 45.a6 Kc6 46.Kd4 Kb6 47.Kd5 Kxa6 48.Kxd6 Kb5 49.Ke5 Kc4
50.Kf6 Kd4 51.Kg7 Ke4 52.Kxh7 Kf5 53.g3 g5 54.h5 g4 55.Kg7 Ke4 56.h6 Kf3
57.h7 Kxg3 58.h8=Q Kg2 59.Qa8+ Kh2 60.Qa2+ Kh3 61.Qf2 g3 62.Qg1 g2 63.Kf6 Kg3
64.Kg5 Kh3 65.Kf4  1-0

[Event "Aegean Open"]
[Site "Aghios Kirykos GRE"]
[Date "2008.07.17"]
[Round "6"]
[White "Markus,Rob"]
[Black "Hahabis,N"]
[Result "1-0"]
[WhiteElo "2572"]
[BlackElo "2031"]

1.d4 Nf6 2.c4 g6 3.Nc3 Bg7 4.e4 d6 5.Nf3 O-O 6.Be2 e5 7.d5 Nbd7 8.Be3 Ng4
9.Bg5 f6 10.Bh4 a6 11.Nd2 Nh6 12.f3 Qe8 13.O-O f5 14.b4 f4 15.Bf2 g5 16.c5 Qg6
17.Nc4 Nf7 18.cxd6 cxd6 19.Na4 h5 20.Ncb6 Nxb6 21.Nxb6 Rb8 22.Rc1 Nh6 23.Qc2 g4
24.Nxc8 Rbxc8 25.Qxc8 Rxc8 26.Rxc8+ Kh7 27.Bh4 Nf7 28.Rfc1 Bf6 29.Bxf6 Qxf6
30.fxg4 Ng5 31.h4  1-0

[Event "I Open"]
[Site "Sabadell ESP"]
[Date "2008.07.17"]
[Round "5"]
[White "Jankovic,A"]
[Black "Perpinya Rofes,L"]
[Result "1-0"]
[WhiteElo "2532"]
[BlackElo "2385"]

1.d4 Nf6 2.c4 g6 3.Nc3 Bg7 4.e4 d6 5.Nf3 O-O 6.Be2 e5 7.O-O Na6 8.Re1 c6
9.Bf1 Bg4 10.d5 Nb4 11.Be2 a5 12.Bg5 h6 13.Be3 Bd7 14.Nd2 Na6 15.a3 Kh8 16.Rb1 c5
17.f4 Ng8 18.Bd3 f5 19.Rf1 g5 20.g3 gxf4 21.gxf4 fxe4 22.Ncxe4 Bh3 23.Rf2 Qh4
24.fxe5 Bxe5 25.Nf3 Bxh2+ 26.Rxh2 Qg4+ 27.Kf2 Qh4+ 28.Ng3 Nf6 29.Bf5 Ng4+
30.Bxg4 Qxg4 31.Qh1 Kg8 32.Rxh3 Rxf3+ 33.Qxf3  1-0

[Event "ch-SUI"]
[Site "Samnaun SUI"]
[Date "2008.07.17"]
[Round "8"]
[White "Klauser,M"]
[Black "Gallagher,Jo"]
[Result "0-1"]
[WhiteElo "2394"]
[BlackElo "2483"]

1.d4 Nf6 2.c4 g6 3.Nc3 Bg7 4.e4 d6 5.Nf3 O-O 6.Be2 e5 7.O-O Nbd7 8.Be3 Re8
9.d5 Nh5 10.g3 Bf8 11.b4 Ng7 12.Qd2 f5 13.exf5 Nxf5 14.Ne4 Nf6 15.Nfg5 Nxe3
16.Qxe3 Bh6 17.Nxf6+ Qxf6 18.Ne4 Qg7 19.Qd3 Rf8 20.Bf3 Bf5 21.Qe2 Qd7 22.Rab1 Rf7
23.Rb3 Raf8 24.c5 a6 25.c6 Qc8 26.cxb7 Qxb7 27.a4 Qa7 28.Kg2 Kh8 29.h4 Qa8
30.Rd1 Bd7 31.b5 axb5 32.axb5 Qa4 33.Rdb1 Bf5 34.Rb4 Qa5 35.R1b3 Qb6 36.Rc4 Bd7
37.Ra4 Qb7 38.Rab4 Qxd5 39.Ng5 Rxf3 40.Rxf3 Bxg5 41.hxg5 Rxf3  0-1

[Event "19th Czech Chladek & Tintera A Open"]
[Site "Pardubice CZE"]
[Date "2008.07.18"]
[Round "1"]
[White "Smith,Ax"]
[Black "Hadraba,V"]
[Result "1/2-1/2"]
[WhiteElo "2427"]
[BlackElo "2229"]

1.d4 Nf6 2.c4 g6 3.Nc3 Bg7 4.e4 d6 5.Be2 O-O 6.Nf3 Nbd7 7.O-O e5 8.Be3 Ng4
9.Bg5 f6 10.Bd2 Nh6 11.Qc2 Nf7 12.Rad1 Re8 13.Bc1 c6 14.Rfe1 Qc7 15.Bf1 Nf8
16.h3 Bh6 17.Bxh6 Nxh6 18.b4 Nf7 19.a3 Kg7 20.Rd2 Bd7 21.Red1 Rad8 22.Qb3 a6
23.a4 Bc8 24.c5 exd4 25.cxd6 Rxd6 26.Rxd4 Rxd4 27.Rxd4 Ne6 28.Rd1 Ne5 29.Nxe5 fxe5
30.Qb2 Rd8 31.Bc4 Rxd1+ 32.Nxd1 Qd6 33.Nc3 Qd4 34.Bxe6  1/2-1/2

[Event "Politiken Cup"]
[Site "Helsingor DEN"]
[Date "2008.07.19"]
[Round "1"]
[White "Tandrup,M"]
[Black "Socko,M"]
[Result "0-1"]
[WhiteElo "1969"]
[BlackElo "2473"]

1.d4 Nf6 2.Nf3 g6 3.c4 Bg7 4.Nc3 d6 5.e4 O-O 6.Be2 e5 7.dxe5 dxe5 8.Qxd8 Rxd8
9.Bg5 Re8 10.O-O c6 11.Rfd1 Nbd7 12.b4 Nf8 13.b5 Ne6 14.bxc6 Nxg5 15.Nxg5 bxc6
16.Rd6 Bb7 17.Rad1 h6 18.Nf3 Re7 19.Nd2 Ne8 20.Rd3 Nc7 21.Nb3 Ne6 22.Rd7 Rxd7
23.Rxd7 Bc8 24.Rd1 Nd4 25.Bf1 Rb8 26.Rb1 Kf8 27.h3 h5 28.Bd3 Ne6 29.Kh2 Ke8
30.g3 h4 31.Be2 hxg3+ 32.fxg3 f5 33.exf5 gxf5 34.Bh5+ Ke7 35.Rf1 Bf6 36.Be2 Bd7
37.Nd1 Rh8 38.Nf2 e4 39.Nd1 Nd4 40.Nxd4 Bxd4 41.Re1 Kd6 42.Bf1 Rb8 43.Bg2 Rb1
44.Rf1 Rc1 45.h4 e3  0-1

[Event "Politiken Cup"]
[Site "Helsingor DEN"]
[Date "2008.07.19"]
[Round "1"]
[White "Storgaard,M"]
[Black "Hansen,F"]
[Result "1-0"]
[WhiteElo "2081"]
[BlackElo "2141"]

1.d4 Nf6 2.c4 d6 3.Nc3 g6 4.e4 Bg7 5.Nf3 O-O 6.Be2 Nbd7 7.O-O e5 8.d5 Nc5
9.Qc2 a5 10.Ne1 Kh8 11.h3 b6 12.Be3 Ng8 13.Nd3 Nxd3 14.Bxd3 Bh6 15.f4 f6
16.Rf3 Qe7 17.Raf1 Bd7 18.Ne2 g5 19.fxe5 fxe5 20.Qd2 Rxf3 21.Rxf3 Qg7 22.g4 Ne7
23.Ng3 Rf8 24.Nh5 Qg6 25.Rxf8+ Bxf8 26.Bxg5 h6 27.Bf6+ Kh7 28.Qf2 Qe8 29.Bxe5 Ng8
30.Bc3  1-0

[Event "Politiken Cup"]
[Site "Helsingor DEN"]
[Date "2008.07.19"]
[Round "1"]
[White "Hvenekilde,J"]
[Black "Wimo,J"]
[Result "1-0"]
[WhiteElo "2179"]
[BlackElo "1809"]

1.d4 Nf6 2.c4 g6 3.Nc3 Bg7 4.e4 d6 5.Nf3 O-O 6.Be2 e5 7.O-O Nbd7 8.Re1 c6
9.Rb1 Qe7 10.d5 c5 11.a3 h6 12.b4 b6 13.Nd2 Kh7 14.Nb3 Ne8 15.bxc5 bxc5 16.Na5 Nb6
17.Nc6 Qd7 18.a4 Bb7 19.Nxa7 Nxa4 20.Nxa4 Rxa7 21.Nc3 f5 22.Rb6 Ra6 23.Qb3 Rxb6
24.Qxb6 Qc7 25.Qb2 fxe4 26.Be3 Bc8 27.Rb1 Nf6 28.Qb6 Qxb6 29.Rxb6 Rd8 30.h3 Bf8
31.Bd1 Nd7 32.Rb1 Nf6 33.Ba4 g5 34.Rb8 Be7 35.Bb5 Nd7 36.Bxd7 Bxd7 37.Rb7 Kg6
38.Nxe4 Bf8 39.Rb6 Bf5 40.Nxc5 Kf7 41.g4 dxc5 42.gxf5 Rc8 43.Kg2 Rc7 44.Re6 Re7
45.Bxc5 Rc7 46.Bxf8 Kxf8 47.Rc6 Rf7 48.f6 Rd7 49.Kf3 Kf7 50.Ke4 Rd8 51.Kxe5 Re8+
52.Kf5  1-0

[Event "Politiken Cup"]
[Site "Helsingor DEN"]
[Date "2008.07.19"]
[Round "1"]
[White "Socko,B"]
[Black "Svanholm,B"]
[Result "1-0"]
[WhiteElo "2627"]
[BlackElo "2003"]

1.d4 Nf6 2.c4 g6 3.Nc3 Bg7 4.e4 d6 5.Nf3 O-O 6.Be2 e5 7.Be3 Ng4 8.Bg5 f6
9.Bc1 Nc6 10.d5 Ne7 11.h3 Nh6 12.h4 Bg4 13.Ng1 Bxe2 14.Ngxe2 f5 15.Qd3 f4
16.Bd2 Ng4 17.f3 Nf6 18.g3 Nh5 19.g4 Nf6 20.O-O-O c6 21.dxc6 bxc6 22.Be1 Ne8
23.c5 Nc8 24.Na4 Qc7 25.Bb4 dxc5 26.Nxc5 Rf7 27.Ne6 Qb6 28.Bc5 Qb5 29.Qxb5 cxb5
30.Rd8 Nb6 31.Bxb6 Rxd8 32.Bxd8 Nd6  1-0

[Event "ch-AUT"]
[Site "Leoben AUT"]
[Date "2008.07.19"]
[Round "1"]
[White "Neubauer,M"]
[Black "Neumeier,K"]
[Result "1/2-1/2"]
[WhiteElo "2457"]
[BlackElo "2294"]

1.d4 Nf6 2.c4 g6 3.Nc3 Bg7 4.e4 d6 5.Be2 O-O 6.Nf3 e5 7.Be3 Na6 8.O-O Ng4
9.Bg5 Qe8 10.Re1 exd4 11.Nd5 h6 12.Be7 c6 13.Bxf8 Kxf8 14.Nf4 Qxe4 15.g3 c5
16.Nd2 Qf5 17.Ne4 Qxe4 18.Bxg4 Bxg4 19.Qxg4 Qf5 20.Qxf5 gxf5 21.a3 Nc7 22.b4 b5
23.Rac1 d5 24.cxb5 c4 25.a4 Rd8 26.Kf1 Rd7 27.Ke2 Ne6 28.Nxd5 d3+ 29.Kd2 Rxd5
30.Rxc4 f4 31.gxf4 Bd4 32.Kxd3 Bxf2+ 33.Ke4 Rd2 34.Ra1 Bd4 35.Rf1 Ke7 36.h4 Bf2
37.f5 Nd8 38.a5 Bxh4 39.Rc7+ Rd7 40.Rfc1 Bg3 41.b6 axb6 42.a6 Bxc7 43.a7 Bf4
44.Ra1 Be5 45.a8=Q Bxa1 46.Qxa1 f6 47.Qa6 Rd6 48.Qa7+ Ke8 49.Qc7 Nf7 50.Qb8+ Ke7
51.b5 Ne5 52.Qh8 Nf7 53.Qc8 Ne5 54.Qc1 Nf7 55.Kf3 Ne5+ 56.Kg3 Rd5 57.Qa3+ Rc5
58.Kh4 Nd7 59.Kh5 Ke8 60.Qd3 Ne5 61.Qd6 Nd7 62.Qd3 Ne5 63.Qe2 Kd8 64.Kxh6 Nd7
65.Qd3 Re5 66.Kg6 Re7 67.Qd5 Re5 68.Qc4 Rc5 69.Qg8+ Kc7 70.Qb3 Re5 71.Qd3 Re7
72.Qg3+ Kd8 73.Qd6  1/2-1/2

[Event "19th Czech Chladek & Tintera A Open"]
[Site "Pardubice CZE"]
[Date "2008.07.19"]
[Round "2"]
[White "Rojicek,V"]
[Black "Hirneise,T"]
[Result "1/2-1/2"]
[WhiteElo "2346"]
[BlackElo "2481"]

1.Nf3 Nf6 2.c4 g6 3.Nc3 Bg7 4.d4 O-O 5.e4 d6 6.Be2 e5 7.O-O Nbd7 8.Be3 c6
9.d5 c5 10.Ne1 Kh8 11.Nd3 Ng8 12.Nb5 Qe7 13.b4 b6 14.f3 Bh6 15.Bxh6 Nxh6
16.Rb1 f5 17.Qd2 Nf7 18.bxc5 dxc5 19.exf5 gxf5 20.f4 e4 21.Qb2+ Kg8 22.Ne1 Nf6
23.Nc2 Bd7  1/2-1/2

[Event "Ch-AY Boys U16"]
[Site "Tehran IRI"]
[Date "2008.07.19"]
[Round "5"]
[White "Salem,AR"]
[Black "Shyam,SM"]
[Result "1-0"]
[WhiteElo "2443"]
[BlackElo "2312"]

1.d4 Nf6 2.c4 g6 3.Nc3 Bg7 4.e4 d6 5.Be2 O-O 6.Nf3 e5 7.O-O Na6 8.d5 Nc5
9.Qc2 a5 10.Bg5 h6 11.Be3 b6 12.Nd2 Ng4 13.Bxg4 Bxg4 14.a3 a4 15.Bxc5 bxc5
16.Nxa4 Qg5 17.f3 Bd7 18.Nc3 h5 19.Rf2 Bh6 20.Re1 Qh4 21.b3 f5 22.a4 f4 23.Nb5 Qd8
24.Ra1 g5 25.h3 Rf7 26.Kf1 g4 27.hxg4 hxg4 28.Ke2 Rg7 29.Rh1 Bg5 30.Kd3 g3
31.Rff1 Be7 32.Nb1 Be8 33.N1c3 Bh4 34.Ra1 Rh7 35.Qb2 Qd7 36.Ra2 Bd8 37.Raa1 Ra6
38.b4 cxb4 39.Qxb4 Rh2 40.Rxh2 gxh2  1-0

[Event "XIII Open"]
[Site "Balaguer ESP"]
[Date "2008.07.20"]
[Round "7"]
[White "Delchev,A"]
[Black "Babaev,Ra"]
[Result "1-0"]
[WhiteElo "2618"]
[BlackElo "2484"]

1.d4 Nf6 2.c4 g6 3.Nc3 Bg7 4.e4 d6 5.Nf3 O-O 6.Be2 e5 7.Be3 exd4 8.Nxd4 Re8
9.f3 c6 10.Bf2 d5 11.exd5 cxd5 12.O-O Nc6 13.c5 Nh5 14.Qd2 Be5 15.g3 Ng7
16.Rfd1 Be6 17.Nxe6 fxe6 18.f4 Bf6 19.Nb5 g5 20.Nd6 Rf8 21.f5 Nxf5 22.Nxf5 exf5
23.Qxd5+ Qxd5 24.Rxd5 Rad8 25.Rad1 Kg7 26.b3 Rxd5 27.Rxd5 Rd8 28.Rxd8 Bxd8
29.Bd3 Kf6 30.g4 fxg4 31.Bxh7 Bc7 32.a3 Be5 33.b4 a6 34.Be4 Bb2 35.a4 Ke5
36.Bg2 Bd4 37.b5 axb5 38.axb5 Nb4 39.Bxb7 Bxf2+ 40.Kxf2 Nd3+ 41.Kg3 Nxc5
42.Bc6 Na4 43.Kxg4 Kf6 44.Kh5 Nb6 45.Bf3 Kf5 46.Bg4+ Kf6 47.Kh6 Nd5 48.h3 Nb6
49.Kh7 Kf7 50.Bh5+ Kf6 51.Kg8 Nd7 52.Bg4 Nb6 53.Kf8 Nd5 54.Bf3 Nb6 55.Ke8 Ke6
56.Bg4+ Kd6 57.Kf7 Ke5 58.Kg6 Kf4 59.Be6 Na4 60.Bb3 Nc5 61.b6 Kg3 62.Be6 Nxe6
63.b7 g4  1-0